Les Français les plus médaillés aux JO par discipline (hiver) - Statistiques

Statistiques générales
  • Ce quiz a été pris 49 fois
  • Le résultat moyen est 11 sur 45
Statistiques - réponses
Hint Réponse % Correct
Biathlon Homme 7 médailles Martin {Fourcade}
100%
Biathlon Homme 5 médailles Quentin {Fillon Maillet}
93%
Biathlon Femme 3 médailles Anaïs {Bescond}
78%
Ski alpin Homme 3 médailles Jean-Ckaude {Killy}
76%
Ski acrobatique Homme 2 médailles Edgar {grospiron}
56%
Biathlon Femme 4 médailles Marie {Dorin-Habert}
51%
Ski alpin Femme 3 médailles Marielle {Goitschel}
41%
Ski de fond Homme 4 médailles Maurice {Magnificat}
39%
Combiné nordique Homme 2 médailles Fabrice {Guy}
34%
Ski alpin Homme 3 médailles Frank {Picard}
34%
Snowboard Homme 2 médailles Pierre {Vaultier}
34%
Ski alpin Homme 3 médailles Henri {Oreiller}
27%
Femmes - Aucune médaille 1998 Hockey sur glace
27%
Hommes - Aucune médaille 1920 Hockey sur glace
27%
Snowboard Femme 2 médailles Karine {Ruby}
27%
Saut à ski Femme 1 médaille Coline {Mattel}
24%
Femmes 1964 Luge
24%
Hommes - Aucune médaille 1964 Luge
24%
Femmes - Aucune médaille 2012 Skeleton
24%
Hommes - Aucune médaille 1928 Skeleton
24%
Femmes - Aucune médaille 1960 Patinage de vitesse
22%
Hommes - Aucune médaille 1924 Patinage de vitesse
22%
Femmes - Aucune médaille 2002 Bobsleigh
20%
Ski acrobatique Femme 2 médailles Marie {Martinod}
20%
Biathlon Femme 3 médailles Anne {Briand}
17%
Femmes - Aucune médaille 1998 Curling
17%
Bobsleigh Homme 1 médaille Bruno {Mingeon}
15%
Femmes - Aucune médaille 1952 Ski de fond
15%
Femmes - Aucune médaille 1992 Ski acrobatique
12%
Bobsleigh Homme 1 médaille Emmanuel {Hostache}
7%
Femmes - Aucune médaille 1992 Patinage de vitesse sur piste courte
7%
Hommes - Aucune médaille 1992 Patinage de vitesse sur piste courte
7%
Patinage artistique Femme 3 médailles Andrée {Joly}
5%
Patinage artistique Femme 3 médailles Andrée {Joly}
5%
Patinage artistique Homme 3 médailles Pierre {Brunet}
5%
Patinage artistique Homme 3 médailles Pierre {Brunet}
5%
Curling Homme 1 médaille Armand {Isaac-Bénédic}
2%
Bobsleigh Homme 1 médaille Eric {Le Chanony}
2%
Curling Homme 1 médaille Fernand {Cournollet}
2%
Curling Homme 1 médaille Georges {André}
2%
Curling Homme 1 médaille Henri {Aldebert}
2%
Bobsleigh Homme 1 médaille Max {Robert}
2%
Curling Homme 1 médaille Pierre {Canivet}
2%
Curling Homme 1 médaille Robert {Planque}
2%
Combiné nordique Homme 2 médailles Sylvain {Gullaume}
2%
Aucun quiz correspondant
Distribution des résultats
% des personnes avec chaque résultat
Percentile par nombre de réponses
Votre historique - résultats
Vous n’avez pas pris ce quiz